Представление документа в формате RUSMARC

ПолеНазваниеЗначение
  Тип записи a
  Библиографический уровень m
001 Контрольный номер UONB/MAIN/a18a1c90f5594469ad5cd33286bcd275
005 Дата корректировки 20240131005856.1
100 Данные общей обработки __
a Данные общей обработки 20230626a2009####m##y0rusy0189 ca
101 Язык документа 0_
a Язык текста rus
102 Страна публикации __
a Страна публикации RU
110 Кодированные данные: продолжающиеся ресурсы __
a Кодированные данные продолжающихся ресурсов afazz 0yy0
200 Заглавие и сведения об ответственности 1_
a Заглавие № 1
203 Вид содержания и тип средства __
a Вид содержания Текст
b Характеристика содержания визуальный
c Тип средства непосредственный
210 Выходные данные 1_
d Дата издания 2009
461 Уровень набора _0
1 001UONB/MAIN/48dcde51f1c24f4d89f510965b9741cd
1 2001
a Новая библиотека
e профессиональное издание
f учредитель ООО "Красносельское агентство "Союзпечать"
v № 1
1 2101
a Москва
d 2000-2015
1 300
a Ежемесячно
1 203
a Текст
b визуальный
c непосредственный
801 Источник записи _0
a Страна RU
b Организация Ульяновская ОНБ
c Дата составления 20230626
g Правила каталогизации RCR
801 Источник записи _1
a Страна RU
b Организация Ульяновская ОНБ
c Дата составления 20230626
g Правила каталогизации RCR
901 Тип документа __
t Тип документа s
w Контрольный № источника UONB/MAIN/48dcde51f1c24f4d89f510965b9741cd
909 Создатель записи __
b Дата создания записи 20230626